Logic and logic grammars for language processing

Αποθηκεύτηκε σε:
Λεπτομέρειες βιβλιογραφικής εγγραφής
Άλλοι συγγραφείς: Saint-Dizier, Patrick, 1954- (Επιμελητής έκδοσης), Szpakowicz, Stanislaw (Επιμελητής έκδοσης)
Μορφή: Βιβλίο
Γλώσσα:English
Δημοσίευση: New York : Ellis Horwood, 1990.
Σειρά:Ellis Horwood series in artificial intelligence
Θέματα:
Ετικέτες: Προσθήκη ετικέτας
Δεν υπάρχουν, Καταχωρήστε ετικέτα πρώτοι!

MARC

LEADER 00000cam a2200000 i 4500
001 1/63132
008 941103s1990 nyu ||| | eng||
020 |a 0135398835 
035 |a 1990  |c ΔΑΡΖΕΝΤΑΣ  |l 10046738 
040 |a GR-MyUA  |b gre  |e AACR2 
041 0 |a eng 
082 0 |a 006.3  
245 1 0 |a Logic and logic grammars for language processing /   |c editors, Patrick Saint-Dizier, Stan Szpakowicz.  
260 |a New York :   |b Ellis Horwood,   |c 1990.  
300 |a 315 σ. :   |b εικ. ;   |c 25 εκ.  
490 1 |a (Ellis Horwood series in artificial intelligence) 
500 |a Περιέχει βιβλιογραφικές αναφορές (σ. [294]-312). 
650 0 0 |a Logic programming. 
650 0 0 |a Natural language processing (Computer science) 
700 1 |a Saint-Dizier, Patrick,   |d 1954-  |e edt 
700 1 |a Szpakowicz, Stanislaw,  |e edt 
830 0 |a Ellis Horwood series in artificial intelligence 
852 |a INST  |b SAMOS  |e 19941103  |h 006.3 LOG  |p 005300005764  |q 005300005764  |t BK  |y 0 
909 |a Σ  |b 018962